000 00583njm a2200181 i 4500
001 C2-0228408
003 PPAK
005 20180729152203.0
008 000820s1997 my |||| ||||| | may d
040 _aPPAK
_beng
_cPPAK
_erda
245 0 0 _a20 tahun Rosnah Majid dalam dunia kewartawanan:
_bpengalaman suka dan duka
264 1 _aAlor Setar, Kedah :
_bPerbadanan Perpustakaan Awam Kedah ,
_c1997
336 _2rdacontent
_atext
337 _2rdamedia
_aunmediated
338 _2rdacarrier
_avolume
500 _aDirakamkan pada 10/05/1997 ; Mempunyai transkripsi
942 _ddc
_cB
999 _c163238
_d163238